000
00304nam a22001337a 4500
008
180226b xxu||||| |||| 00| 0 eng d
020
_a
0443086850
041
_a
eng
080
_a
610
100
_a
4
101
_a
SHM
245
_a
Clinical Practice of Regional Anesthesia
_c
Raj, P.P
942
_2
udc
_c
BK
999
_c
43490
_d
43490